Nhà báo anh là ai?

Tập hợp một số bài viết và bài giảng tại các lớp bồi dưỡng nghiệp vụ báo chí của nhà báo Lê Phú Khải. Nêu lên những kinh nghiệm, chiêm nghiệm về nghề báo; vai trò, trách nhiệm của người làm báo...

Descripción completa

Guardado en:
Detalles Bibliográficos
Autor principal: Lê, Phú Khải
Formato: Libro
Lenguaje:Undetermined
Publicado: Hà Nội Thanh Niên 2004
Materias:
Etiquetas: Agregar Etiqueta
Sin Etiquetas, Sea el primero en etiquetar este registro!
Thư viện lưu trữ: Trung tâm Học liệu Trường Đại học Cần Thơ
LEADER 00843nam a2200217Ia 4500
001 CTU_95956
008 210402s9999 xx 000 0 und d
020 |c 25000 
082 |a 070.92 
082 |b Kh103 
100 |a Lê, Phú Khải 
245 0 |a Nhà báo anh là ai? 
245 0 |c Lê Phú Khải 
260 |a Hà Nội 
260 |b Thanh Niên 
260 |c 2004 
520 |a Tập hợp một số bài viết và bài giảng tại các lớp bồi dưỡng nghiệp vụ báo chí của nhà báo Lê Phú Khải. Nêu lên những kinh nghiệm, chiêm nghiệm về nghề báo; vai trò, trách nhiệm của người làm báo 
650 |a Journalists 
650 |x Biography 
904 |i Trúc 
980 |a Trung tâm Học liệu Trường Đại học Cần Thơ